| 000 | 00358nam a22001217a 4500 | ||
|---|---|---|---|
| 082 |
_a621.38224 _bCON |
||
| 100 |
_aConner, F.R. _941622 |
||
| 245 |
_aNOISE Introductory Topics in Electronics & Telecommunication _cConner, F.R. |
||
| 300 |
_a1, 104, p : _bill. ; _c18 cm. |
||
| 526 |
_a0 _b0 _c0 _d621_382240000000000_CON |
||
| 650 |
_aMCE _9379 |
||
| 942 |
_2ddc _cBK |
||
| 999 |
_c545682 _d545682 |
||